000 00702nam a2200265Ia 4500
003 OSt
005 20220912151345.0
006 a|||||r|||| 00| 0
007 ta
008 220909b |||||||| |||| 00| 0 eng d
024 _a23239
037 _cTextual
040 _aCSL
_beng
_cCSL
041 _aeng
082 _aB335:1, M5
100 _aDelves L M
245 0 _aComputational methods for integral equations
260 _aCambridge
_bCUP
_c1985
300 _aix, 356p.
_ccm.
500 _aBibliography 370-373p.
_ccm.
650 _aIntegral equations
700 _a Mohamed J L
942 _hB335:1, M5
_cTEXL
_2CC
999 _c66900
_d66900